LIBRARY & INFORMATION CENTRE, KCAET, TAVANUR

ONLINE PUBLIC ACCESS CATALOGUE (OPAC)

Engineering economy (Record no. 11176)

MARC details
000 -LEADER
fixed length control field 00390cam a2200169ua 4500
041 ## - LANGUAGE CODE
Language code of text/sound track or separate title eng
082 ## - DEWEY DECIMAL CLASSIFICATION NUMBER
Classification number 330.0162
Item number THU/ EN
100 ## - MAIN ENTRY--AUTHOR NAME
Personal name H.G. Thuesen, W.J. Fabryckr .
245 ## - TITLE STATEMENT
Title Engineering economy
260 ## - PUBLICATION, DISTRIBUTION, ETC. (IMPRINT)
Place of publication India :
Name of publisher Prentice hall ,
Year of publication 1964.
300 ## - PHYSICAL DESCRIPTION
Number of Pages 525 ; .
942 ## - ADDED ENTRY ELEMENTS (KOHA)
Koha item type Books
Holdings
Withdrawn status Lost status Damaged status Home library Current library Date acquired Full call number Accession Number Koha item type
Withdrawn     KAUAET KAUAET 07/04/2012 330.0162 12363 Books
free website counter